Cartoonfiguren mit A - Statistiken

Allgemein
  • Dieses Quiz wurde 118 mal gespielt
  • Das Durchschnittsergebnis liegt bei 10 aus 15
Antwortstatistiken
Bildquiz Antwort % Korrekt
Asterix
100%
Arielle
96%
Aladdin
95%
Anna
82%
Antman
78%
Ash Ketchum
78%
Aquaman
73%
Alice
71%
Angst
63%
Alex
62%
Alfred J. Kwak
44%
Arlo
39%
Azrael
34%
Agumon
24%
Astroboy
24%
Keine übereinstimmenden Quizze gefunden
Verteilung der Resultate
Anzahl Personen mit jedem Resultat
Perzentil nach korrekt beantworteten Fragen
Ihre Resultats-Entwicklung
Sie haben dieses Quiz noch nicht gespielt